000 00608nam a22002297a 4500
003 UA-OsUOA
001 22000
007 ta
008 20031216b un ||||| |||| 00| 0 ukr d
100 _aВелесик Петро
090 _a352.(075).8
_bВ27
942 _cSA
040 _aUA-OsUOA
_bukr
_cUA-OsUOA
_dUA-OsUOA
245 _aМісцеве самоврядування на вістрі реформ
300 _aС.1
955 _a0
041 _aukr
080 _a352.(075).8
044 _aUA
773 0 _w0
_tВісті Рівненщини
_dРівне
_d2003
_g5 грудня
650 7 _2UDC
999 _c308210
_d308210